[Event "EU-ch rapid"]
[Site "Tallinn"]
[Date "2016.12.16"]
[Round "9"]
[White "Markevich, Ilya"]
[Black "Saric, Ivan"]
[Result "0-1"]
[WhiteElo "2224"]
[BlackElo "2652"]
[PlyCount "86"]
[EventDate "2016.12.15"]
[EventType "swiss (rapid)"]
[EventRounds "11"]
[EventCountry "EST"]
[SourceTitle "CBM 176 Extra"]
[Source "ChessBase"]
[SourceDate "2017.03.02"]
[SourceVersion "1"]
[SourceVersionDate "2017.03.02"]
[SourceQuality "1"]

1. e4 g6 2. d4 d6 3. Nc3 Bg7 4. Nge2 Nd7 5. g3 c5 6. Bg2 Ngf6 7. 0-0 0-0 8. h3 Rb8 9. a4 b6 10. Be3 Bb7 11. g4 cxd4 12. Bxd4 e5 13. Be3 Nc5 14. Ng3 Ne6 15. Nb5 d5 16. g5 Nxe4 17. Nxe4 dxe4 18. Nxa7 Qe7 19. Qg4 Nd4 20. c3 Nc2 21. Rad1 Nxe3 22. fxe3 Qc5 23. Qg3 Ra8 24. Nb5 Rxa4 25. Nd6 Bd5 26. b4 Qxd6 27. c4 Rxb4 28. cxd5 Rc4 29. h4 b5 30. h5 gxh5 31. Rf6 Qd8 32. Rh6 b4 33. Rxh5 b3 34. Qh3 Qc8 35. Qh4 Rc1 36. Rxc1 Qxc1+ 37. Kh2 Qxe3 38. Bxe4 Qd2+ 39. Kh3 Rc8 40. Bxh7+ Kf8 41. Qe4 Rc3+ 42. Kg4 Re3 43. Qc4 Qg2+ 0-1

[Event "St Petersburg Botvinnik Memorial op"]
[Site "St Petersburg"]
[Date "2012.09.02"]
[Round "9"]
[White "Markevich, Ilya"]
[Black "Baryshpolets, Andrey"]
[Result "0-1"]
[WhiteElo "2210"]
[BlackElo "2513"]
[PlyCount "82"]
[EventDate "2012.08.25"]
[EventType "swiss"]
[EventRounds "9"]
[EventCountry "RUS"]
[SourceTitle "CBM 150 Extra"]
[Source "ChessBase"]
[SourceDate "2012.10.19"]
[SourceVersion "1"]
[SourceVersionDate "2012.10.19"]
[SourceQuality "1"]

1. e4 e5 2. Nf3 Nc6 3. Bb5 a6 4. Ba4 Nf6 5. d3 d6 6. c3 g6 7. 0-0 Bg7 8. Re1 0-0 9. Bg5 h6 10. Bh4 Qe8 11. Nbd2 Nd7 12. Nf1 Nb6 13. Bc2 f5 14. exf5 gxf5 15. d4 e4 16. N3d2 d5 17. f4 a5 18. Bf2 a4 19. b4 Na7 20. Re3 Nb5 21. Rh3 Qc6 22. Nb1 Qd6 23. Qc1 Bd7 24. Bd1 Nc4 25. Be2 b6 26. Bxc4 dxc4 27. Be3 a3 28. Ng3 Be6 29. Nh5 Bh8 30. Ng3 Rf6 31. Nd2 Qd7 32. Rb1 Rg6 33. Ne2 Rd8 34. Nf1 c5 35. bxc5 bxc5 36. dxc5 Qd3 37. Neg3 Nxc3 38. Rb6 Ne2+ 39. Nxe2 Qxe2 40. Rg3 Rxg3 41. hxg3 Bb2 0-1

[Event "St Petersburg Botvinnik Memorial op"]
[Site "St Petersburg"]
[Date "2012.08.29"]
[Round "5"]
[White "Markevich, Ilya"]
[Black "Tseitlin, Mark D"]
[Result "1/2-1/2"]
[WhiteElo "2210"]
[BlackElo "2396"]
[PlyCount "85"]
[EventDate "2012.08.25"]
[EventType "swiss"]
[EventRounds "9"]
[EventCountry "RUS"]
[SourceTitle "CBM 150 Extra"]
[Source "ChessBase"]
[SourceDate "2012.10.19"]
[SourceVersion "1"]
[SourceVersionDate "2012.10.19"]
[SourceQuality "1"]

1. e4 c5 2. Nf3 d6 3. Bb5+ Bd7 4. Bxd7+ Nxd7 5. 0-0 Ngf6 6. Qe2 e6 7. b3 Be7 8. Bb2 0-0 9. d4 cxd4 10. Nxd4 Nc5 11. Nd2 g6 12. f4 d5 13. e5 Nfe4 14. N2f3 Rc8 15. c3 Qb6 16. Rac1 Qa6 17. c4 Rfd8 18. Ba1 Qb6 19. Kh1 a5 20. Rb1 dxc4 21. bxc4 Qa6 22. Rb5 Rd7 23. g4 b6 24. Kg1 Qb7 25. Re1 Rcd8 26. g5 h6 27. gxh6 Kh7 28. Reb1 Rb8 29. Qe3 Qc7 30. Kg2 Qb7 31. Kg1 Bf8 32. h4 Bxh6 33. Ng5+ Bxg5 34. hxg5 Kg8 35. Re1 Qc6 36. Re2 Kf8 37. Rh2 Ke7 38. Rb1 Qb7 39. Bb2 Rbd8 40. Rd1 Re8 41. Rb1 Red8 42. Rd1 Re8 43. Rb1 1/2-1/2

[Event "St Petersburg Botvinnik Memorial op"]
[Site "St Petersburg"]
[Date "2012.08.27"]
[Round "3"]
[White "Markevich, Ilya"]
[Black "Kopasov, Evgeny Aleksandrovi"]
[Result "1/2-1/2"]
[WhiteElo "2210"]
[BlackElo "2007"]
[PlyCount "97"]
[EventDate "2012.08.25"]
[EventType "swiss"]
[EventRounds "9"]
[EventCountry "RUS"]
[SourceTitle "CBM 150 Extra"]
[Source "ChessBase"]
[SourceDate "2012.10.19"]
[SourceVersion "1"]
[SourceVersionDate "2012.10.19"]
[SourceQuality "1"]

1. e4 c5 2. Nf3 d6 3. Bb5+ Bd7 4. Bxd7+ Qxd7 5. c4 Nc6 6. Nc3 Nf6 7. 0-0 g6 8. d3 Bg7 9. h3 0-0 10. Be3 Rac8 11. Qd2 Rfe8 12. Nh2 Qd8 13. f4 Nd7 14. Nf3 a6 15. Rab1 Qa5 16. a3 b5 17. cxb5 axb5 18. b4 Qxa3 19. Nxb5 Qa6 20. bxc5 Nxc5 21. Rfc1 Na7 22. Nxa7 Qxa7 23. Kh1 Rb8 24. Qc2 Rxb1 25. Rxb1 Qa6 26. d4 Nd7 27. e5 d5 28. Rc1 Nb6 29. Qb1 Nc4 30. Bf2 Qa7 31. Qb5 Rd8 32. Bh4 Qd7 33. Qxd7 Rxd7 34. Rb1 Bh6 35. Rb8+ Kg7 36. Re8 f6 37. g3 Kf7 38. Rh8 Bg7 39. Rc8 Ne3 40. g4 Ra7 41. Kg1 Bh6 42. g5 fxg5 43. Bxg5 Bxg5 44. Nxg5+ Kg7 45. Rd8 Ra5 46. Ne6+ Kf7 47. Ng5+ Kg7 48. Ne6+ Kf7 49. Ng5+ 1/2-1/2

[Event "St Petersburg Spring op"]
[Site "St Petersburg"]
[Date "2012.03.27"]
[Round "6"]
[White "Markevich, Ilya"]
[Black "Grinblat, Artemiy"]
[Result "1-0"]
[WhiteElo "2209"]
[BlackElo "1991"]
[PlyCount "59"]
[EventDate "2012.03.22"]
[EventType "swiss"]
[EventRounds "9"]
[EventCountry "RUS"]
[SourceTitle "EXT 2013"]
[Source "ChessBase"]
[SourceDate "2012.11.22"]
[SourceVersion "1"]
[SourceVersionDate "2012.11.22"]
[SourceQuality "1"]

1. e4 e6 2. d4 d5 3. Nc3 Nf6 4. Bg5 Be7 5. e5 Nfd7 6. h4 c5 7. Bxe7 Qxe7 8. Nb5 0-0 9. Nc7 cxd4 10. Nxa8 f6 11. Qxd4 Nc6 12. Qd2 fxe5 13. 0-0-0 Nf6 14. f3 Qd6 15. Ne2 Bd7 16. Nc3 Rxa8 17. Kb1 Rc8 18. Bd3 a6 19. h5 b5 20. g4 b4 21. Ne2 d4 22. Ka1 Nd5 23. g5 Ne3 24. Qxe3 dxe3 25. Bxh7+ Kxh7 26. Rxd6 Nb8 27. Kb1 Bb5 28. Re1 Nc6 29. c3 Rf8 30. c4 1-0

[Event "St Petersburg Spring op"]
[Site "St Petersburg"]
[Date "2012.03.26"]
[Round "5"]
[White "Saveliev, Alexei"]
[Black "Markevich, Ilya"]
[Result "1/2-1/2"]
[WhiteElo "2066"]
[BlackElo "2209"]
[PlyCount "59"]
[EventDate "2012.03.22"]
[EventType "swiss"]
[EventRounds "9"]
[EventCountry "RUS"]
[SourceTitle "EXT 2013"]
[Source "ChessBase"]
[SourceDate "2012.11.22"]
[SourceVersion "1"]
[SourceVersionDate "2012.11.22"]
[SourceQuality "1"]

1. e4 c5 2. Nf3 e6 3. d4 cxd4 4. Nxd4 a6 5. Nc3 Qc7 6. Be2 Nf6 7. 0-0 Nc6 8. Be3 Be7 9. f4 d6 10. Kh1 0-0 11. Qe1 Bd7 12. Qg3 Kh8 13. Rae1 b5 14. a3 Rac8 15. Bf3 Na5 16. e5 Ne8 17. Be2 Nc4 18. Bxc4 Qxc4 19. Ne4 d5 20. Ng5 h6 21. Ngf3 f5 22. exf6 Bxf6 23. b3 Qc3 24. Ne5 Bxe5 25. fxe5 Nc7 26. Qh3 b4 27. a4 Kg8 28. g4 Rxf1+ 29. Rxf1 Rf8 30. Rg1 1/2-1/2

[Event "St Petersburg Spring op"]
[Site "St Petersburg"]
[Date "2012.03.23"]
[Round "2"]
[White "Markevich, Ilya"]
[Black "Shakirova, Renata"]
[Result "1-0"]
[WhiteElo "2209"]
[BlackElo "1639"]
[PlyCount "101"]
[EventDate "2012.03.22"]
[EventType "swiss"]
[EventRounds "9"]
[EventCountry "RUS"]
[SourceTitle "EXT 2013"]
[Source "ChessBase"]
[SourceDate "2012.11.22"]
[SourceVersion "1"]
[SourceVersionDate "2012.11.22"]
[SourceQuality "1"]

1. e4 c5 2. Nf3 d6 3. Bb5+ Bd7 4. Bxd7+ Qxd7 5. 0-0 Nc6 6. c3 Nf6 7. d4 Nxe4 8. d5 Ne5 9. Re1 Nf6 10. Nxe5 dxe5 11. Rxe5 0-0-0 12. c4 e6 13. Bg5 Bd6 14. Bxf6 gxf6 15. Rh5 f5 16. Nc3 Kb8 17. Qc2 Be5 18. Rd1 Qc7 19. Rh3 a6 20. Kh1 Bd4 21. Rf3 Rhg8 22. Ne2 Be5 23. Rfd3 Rd6 24. f4 Bd4 25. Nxd4 cxd4 26. Rxd4 Rxd5 27. Rxd5 exd5 28. Rxd5 Qxf4 29. Rxf5 Re8 30. g3 Qg4 31. Rf2 Qh3 32. Qd2 f5 33. Kg1 Re4 34. Rf4 Rxf4 35. Qxf4+ Ka7 36. Qd4+ Ka8 37. Qh4 Qxh4 38. gxh4 Ka7 39. b4 Kb6 40. Kf2 Kc6 41. Kf3 a5 42. a3 axb4 43. axb4 Kd6 44. Kf4 Ke6 45. h5 h6 46. c5 Kd5 47. Kxf5 Kc4 48. Kg6 Kxb4 49. Kxh6 Kxc5 50. Kg5 b5 51. h6 1-0

[Event "Rilton Cup 40th"]
[Site "Stockholm"]
[Date "2011.01.05"]
[Round "9"]
[White "Groetz, Harald"]
[Black "Markevich, Ilya"]
[Result "1/2-1/2"]
[WhiteElo "2314"]
[BlackElo "2175"]
[PlyCount "93"]
[EventDate "2010.12.27"]
[EventType "swiss"]
[EventRounds "9"]
[EventCountry "SWE"]
[SourceTitle "CBM 140 Extra"]
[Source "ChessBase"]
[SourceDate "2011.03.01"]
[SourceVersion "1"]
[SourceVersionDate "2011.03.01"]
[SourceQuality "1"]

1. e4 c5 2. Nc3 e6 3. Nf3 a6 4. g3 b5 5. Bg2 Bb7 6. d3 d6 7. 0-0 Nc6 8. Ne1 Nf6 9. f4 Be7 10. Nf3 0-0 11. h3 d5 12. e5 Nd7 13. Ne2 f6 14. exf6 Bxf6 15. c3 a5 16. d4 b4 17. Ne5 Be7 18. Be3 Nb6 19. Nxc6 Bxc6 20. b3 c4 21. Rc1 Bb5 22. Rf2 a4 23. cxb4 Bxb4 24. Nc3 Bxc3 25. Rxc3 axb3 26. axb3 cxb3 27. Qxb3 Bc4 28. Qb4 Ra4 29. Qc5 Nd7 30. Qc6 Ra6 31. Rxc4 Rxc6 32. Rxc6 Re8 33. Rfc2 Qa5 34. Bf2 Nf6 35. R6c5 Qa1+ 36. Rc1 Qa3 37. R1c3 Qa1+ 38. Rc1 Qb2 39. R5c2 Qb4 40. Re2 Qd6 41. Rce1 Kf7 42. f5 exf5 43. Rxe8 Nxe8 44. Re5 Nf6 45. Rxf5 Kg6 46. Re5 Qc6 47. Be3 1/2-1/2

[Event "Rilton Cup 40th"]
[Site "Stockholm"]
[Date "2010.12.28"]
[Round "2"]
[White "Markevich, Ilya"]
[Black "Akesson, Ralf"]
[Result "1/2-1/2"]
[WhiteElo "2175"]
[BlackElo "2434"]
[PlyCount "65"]
[EventDate "2010.12.27"]
[EventType "swiss"]
[EventRounds "9"]
[EventCountry "SWE"]
[SourceTitle "CBM 140 Extra"]
[Source "ChessBase"]
[SourceDate "2011.03.01"]
[SourceVersion "1"]
[SourceVersionDate "2011.03.01"]
[SourceQuality "1"]

1. e4 c6 2. d4 d5 3. exd5 cxd5 4. c4 Nf6 5. Nc3 e6 6. Nf3 Bb4 7. cxd5 Nxd5 8. Bd2 Nc6 9. Bd3 0-0 10. 0-0 Nf6 11. Be3 Be7 12. a3 b6 13. Re1 Bb7 14. Bc2 Qc7 15. Rc1 Rad8 16. Qe2 Ng4 17. Be4 Nxe3 18. fxe3 Rc8 19. d5 Nd8 20. Rcd1 exd5 21. Nxd5 Bxd5 22. Rxd5 Qc4 23. Qxc4 Rxc4 24. Bd3 Rc7 25. Nd4 Bf6 26. e4 Bxd4+ 27. Rxd4 Ne6 28. Rd6 g6 29. b3 Rc3 30. Bc4 Nc5 31. Rc6 Kg7 32. Bd5 Rd3 33. b4 1/2-1/2

[Event "Chigorin Memorial 18th"]
[Site "St Petersburg"]
[Date "2010.11.02"]
[Round "6"]
[White "Markevich, Ilya"]
[Black "Shomoev, Anton"]
[Result "0-1"]
[WhiteElo "2175"]
[BlackElo "2536"]
[PlyCount "54"]
[EventDate "2010.10.28"]
[EventType "swiss"]
[EventRounds "9"]
[EventCountry "RUS"]
[SourceTitle "EXT 2011"]
[Source "ChessBase"]
[SourceDate "2010.11.26"]
[SourceVersion "1"]
[SourceVersionDate "2010.11.26"]
[SourceQuality "1"]

1. e4 c6 2. d4 d5 3. exd5 cxd5 4. c4 Nf6 5. Nc3 Nc6 6. Bg5 Be6 7. Nge2 dxc4 8. Bxf6 exf6 9. d5 Nb4 10. Nf4 Bf5 11. Qa4+ Bd7 12. Qd1 Bf5 13. Qe2+ Be7 14. 0-0-0 0-0 15. g4 Bd3 16. Qf3 Bxf1 17. Rhxf1 Bd6 18. Kb1 Qc7 19. Nfe2 Nd3 20. h4 Be5 21. Rd2 b5 22. Rc2 Qa5 23. Qe4 Nc5 24. Qe3 b4 25. f4 Bd6 26. Ne4 Nxe4 27. Qxe4 b3 0-1

[Event "St Petersburg White Nights op"]
[Site "St Petersburg"]
[Date "2010.06.17"]
[Round "2"]
[White "Zakharov, Yuri Vasilievich"]
[Black "Markevich, Ilya"]
[Result "0-1"]
[WhiteElo "1980"]
[BlackElo "2185"]
[PlyCount "60"]
[EventDate "2010.06.16"]
[EventType "swiss"]
[EventRounds "9"]
[EventCountry "RUS"]
[SourceTitle "EXT 2011"]
[Source "ChessBase"]
[SourceDate "2010.11.26"]
[SourceVersion "1"]
[SourceVersionDate "2010.11.26"]
[SourceQuality "1"]

1. Nf3 c5 2. g3 g6 3. Bg2 Bg7 4. 0-0 Nc6 5. e4 d6 6. c3 e5 7. d3 Nge7 8. Qc2 0-0 9. Nh4 Be6 10. Be3 f5 11. exf5 gxf5 12. Bg5 Qd7 13. Nd2 f4 14. Bxe7 Nxe7 15. Nhf3 Kh8 16. Ng5 Bf5 17. Be4 d5 18. Bxf5 Qxf5 19. Ngf3 c4 20. Ne1 cxd3 21. Qxd3 e4 22. Qe2 Rae8 23. f3 Ng6 24. fxe4 dxe4 25. Nb3 Qg5 26. Qd2 Qg4 27. Qd1 Qh3 28. gxf4 Nxf4 29. Qc2 Bd4+ 30. Nxd4 Rg8+ 0-1

[Event "Rilton Cup 39th"]
[Site "Stockholm"]
[Date "2010.01.02"]
[Round "6"]
[White "Markevich, Ilya"]
[Black "Gagarin, Vasilij"]
[Result "1-0"]
[WhiteElo "2162"]
[BlackElo "2422"]
[PlyCount "99"]
[EventDate "2009.12.27"]
[EventType "swiss"]
[EventRounds "9"]
[EventCountry "SWE"]
[SourceTitle "CBM 134 Extra"]
[Source "ChessBase"]
[SourceDate "2010.03.03"]
[SourceVersion "1"]
[SourceVersionDate "2010.03.03"]
[SourceQuality "1"]

1. e4 e5 2. Nf3 Nc6 3. Bb5 a6 4. Ba4 Nf6 5. d3 d6 6. c3 Bd7 7. 0-0 g6 8. Re1 Bg7 9. Nbd2 0-0 10. Nf1 Nh5 11. h3 Qe8 12. g4 Nf4 13. Bxf4 exf4 14. Bb3 Qe7 15. Qd2 g5 16. d4 h5 17. N1h2 Qf6 18. Kg2 Qh6 19. Rh1 Rae8 20. Bc2 Bc8 21. Rag1 Nb8 22. Kf1 h4 23. Kg2 c5 24. Rd1 c4 25. Rhe1 b5 26. Kg1 Bb7 27. Re2 Nd7 28. Rde1 Re7 29. Bb1 Rfe8 30. Qc2 Nf6 31. Nd2 d5 32. e5 Ne4 33. Nxe4 dxe4 34. Qd2 e3 35. fxe3 Qc6 36. e4 f6 37. exf6 Bxf6 38. Nf3 Qb6 39. Kf2 Qc6 40. Kg2 Qb6 41. e5 Bg7 42. Be4 Bxe4 43. Rxe4 Qg6 44. d5 Kh7 45. e6 Kh6 46. Nd4 Bxd4 47. Qxd4 a5 48. Qe5 b4 49. d6 Rb7 50. Qd5 1-0

[Event "Chigorin Memorial 17th"]
[Site "St Petersburg"]
[Date "2009.10.17"]
[Round "2"]
[White "Badmatsyrenov, Oleg"]
[Black "Markevich, Ilya"]
[Result "1-0"]
[WhiteElo "2437"]
[BlackElo "2157"]
[PlyCount "79"]
[EventDate "2009.10.16"]
[EventType "swiss"]
[EventRounds "9"]
[EventCountry "RUS"]
[SourceTitle "CBM 132 Extra"]
[Source "ChessBase"]
[SourceDate "2009.11.03"]
[SourceVersion "1"]
[SourceVersionDate "2009.11.03"]
[SourceQuality "1"]

1. e4 c5 2. Nf3 e6 3. d4 cxd4 4. Nxd4 a6 5. Bd3 Nf6 6. 0-0 d6 7. Qe2 Qc7 8. c4 Be7 9. Nc3 0-0 10. f4 Nbd7 11. Kh1 Re8 12. Bd2 Nf8 13. Rae1 e5 14. fxe5 dxe5 15. Nf5 Bxf5 16. Rxf5 Ne6 17. Nd5 Nxd5 18. exd5 Nc5 19. Bb1 Nd7 20. Ref1 f6 21. Qg4 Nf8 22. Bh6 Bd8 23. Be3 Qd7 24. Qg3 e4 25. Bd4 Ng6 26. c5 b6 27. c6 Qc7 28. Qb3 Kh8 29. Bf2 Qc8 30. Bg3 Bc7 31. d6 Bxd6 32. Bxd6 Qxc6 33. Bg3 Rad8 34. Qe3 Qe6 35. Rh5 Qg4 36. Rhf5 Rd1 37. h3 Qxf5 38. Rxd1 b5 39. Qxe4 Qc8 40. Qg4 1-0